| 000 | 00742cam a2200253 4500500 | ||
|---|---|---|---|
| 005 | 20260329004728.0 | ||
| 041 | _afre | ||
| 042 | _adc | ||
| 100 | 1 | 0 |
_aLacroix, Alexandre _eauthor |
| 245 | 0 | 0 | _aPhilippe Huneman : “J’hésite et attends d’en savoir davantage” |
| 260 | _c2021. | ||
| 500 | _a77 | ||
| 690 | _aAltruisme | ||
| 690 | _aCovid-19 | ||
| 690 | _aMaladie | ||
| 690 | _aPandémie | ||
| 690 | _aPhilippe Huneman | ||
| 690 | _aRationalité | ||
| 690 | _aSanté | ||
| 690 | _aTransmission | ||
| 690 | _avaccin | ||
| 786 | 0 | _nPhilosophie magazine | 146 | 2 | 2021-02-01 | p. 27-27 | 1951-1787 | |
| 856 | 4 | 1 | _uhttps://shs.cairn.info/magazine-philosophie-magazine-2021-2-page-27?lang=fr&redirect-ssocas=7080 |
| 999 |
_c1836711 _d1836711 |
||